| 000 | 00771nab a2200253 a 4500 | ||
|---|---|---|---|
| 005 | 20210219162053.0 | ||
| 008 | 991125s1985 mx 000 0 spa u | ||
| 035 | _aUPN01000197184 | ||
| 049 | _aART-E | ||
| 100 | 1 | _aSánchez García, Miguel | |
| 100 | 1 | _umsanchez@dde.ulpge.es | |
| 222 |
_aOCNOS : _bREVISTA DE ESTUDIOS SOBRE LECTURA |
||
| 245 | _aEl secreto del huevo azul de Catalina González Vilar : estudio narratológico | ||
| 260 | _aEspaña | ||
| 300 | _a107-130 | ||
| 362 | 0 | _a2013, No. 10 | |
| 653 | 0 | _aNARRATIVA | |
| 653 | 0 | _aLITERATURA INFANTIL | |
| 653 | 0 | _aFOMENTO A LA LECTURA | |
| 856 | 1 | _uhttp://www.revista.uclm.es/index.php/ocnos/article/view/335/337 | |
| 905 | _aArticulo | ||
| 338 | _arecurso en linea | ||
| 999 |
_c169285 _d169285 |
||